| 000 | 00574nam a2200181 i 4500 | ||
|---|---|---|---|
| 001 | 21234 | ||
| 003 | ES-MaACL | ||
| 005 | 20230906152437.0 | ||
| 007 | t| | ||
| 008 | 021122s1967 sp ||||1|bspa d | ||
| 080 | _a929 Sanz Gadea, Joaquín | ||
| 100 | 1 |
_aAlbarracín Teulón, Agustín. _919242 |
|
| 245 | 1 | 0 |
_aSiempre queda esperanza _b: la obra de Joaquín Sanz Gadea en el Congo / _cAgustín Albarracín Teulón. |
| 260 |
_aMadrid : _bPrensa Española, _c1967. |
||
| 300 |
_a266 p. ; _c21 cm. |
||
| 600 | 1 | 4 |
_aSanz Gadea, Joaquín. _9103640 |
| 852 |
_aES-MaACL _jC-32396 |
||
| 999 |
_c21234 _d21234 |
||